Overcoming the barriers: Kashmiriyat as a cornerstone to materialize peace in Kashmir (Record no. 523804)

000 -LEADER
fixed length control field 00913nam a22001577a 4500
008 - FIXED-LENGTH DATA ELEMENTS--GENERAL INFORMATION
fixed length control field 230927b ||||| |||| 00| 0 eng d
100 ## - MAIN ENTRY--PERSONAL NAME
Personal name Mehdi, Syed Eesar
245 ## - TITLE STATEMENT
Title Overcoming the barriers: Kashmiriyat as a cornerstone to materialize peace in Kashmir
260 ## - PUBLICATION, DISTRIBUTION, ETC. (IMPRINT)
Place of publication, distribution, etc Social Action
300 ## - PHYSICAL DESCRIPTION
Extent 73(2), Apr-Jun, 2023: p.214-231
520 ## - SUMMARY, ETC.
Summary, etc This paper argues that Kashmiriyat has the potential to offer a possible solution and operationalize dialogue in Kashmir. Repeatedly, Kashmir have looked outside, on India and Pakistan, for a solution to the intractable Kashmir conflict and newer focused on the inside which has led to the failure of the manifestation of a peace process in Kashmir. – Reproduced
650 ## - SUBJECT ADDED ENTRY--TOPICAL TERM
Topical term or geographic name as entry element Kashmiriyat, Dialogue, Peace process, Conflict, Comprehensive framework.
9 (RLIN) 40872
773 ## - HOST ITEM ENTRY
Main entry heading Social Action
906 ## - LOCAL DATA ELEMENT F, LDF (RLIN)
Subject DIP POLITICS AND GOVERNMENT - KASHMIR
942 ## - ADDED ENTRY ELEMENTS (KOHA)
Item type Articles
Holdings
Withdrawn status Lost status Source of classification or shelving scheme Damaged status Not for loan Permanent location Current location Date acquired Serial Enumeration / chronology Barcode Date last seen Koha item type
          Indian Institute of Public Administration Indian Institute of Public Administration 2023-09-27 73(2), Apr-Jun, 2023: p.214-231 AR129702 2023-09-27 Articles

Powered by Koha